000 01140nam a2200217Ia 4500
003 Ost
005 20260507075555.0
008 260507s9999||||xx |||||||||||||| ||und||
040 _cfsecg
041 _aara
082 _a300
100 _aبريري، محمود مختار احمد
_eمؤلف
245 0 _aالتحكيم التجاري الدولي /
_c محمود مختار احمد بريري
250 _aطبعة 3
260 _aالقاهرة:
_bدار النهضة العربية,
_c2004
300 _a582 صفحة؛
_bإيضاحات ؛
_c24 سم
520 _aمكان التحكيم و تحديد القانون الساري على اجراءاته و بدء سير اجراءات التحكيم, اضافة الى عوارض اجراءات التحكيم و تحديد القانون الذي تطبقه هيئة التحكيم على موضوع النزاع و كيفية صدور حكم التحكيم و شروط صحته و بطلان حكمه و في الاخير كيفية تنفيذ حكم التحكيم.
653 _aالتحكيم التجاري الدولي
653 _aالحكيم
942 _cكتاب
999 _c44953
_d44953